|
|
|
|
| LEADER |
00686nam a22001697a 4500 |
| 020 |
|
|
|a 9788126475001
|
| 082 |
|
|
|a 920
|b SUN-O
|
| 100 |
|
|
|a സുനിൽകുമാർ, എം ബി.
|
| 245 |
|
|
|a ഒരാൾ ജീവിതത്തിലേക്ക് തിരിച്ചു നടന്ന വിധം /
|
| 260 |
|
|
|a Kottayam:
|b D C books,
|c 2017.
|
| 300 |
|
|
|a 222p.;
|
| 650 |
|
|
|a Memoirs
|
| 650 |
|
|
|a Oral jeevithathilekku thirichu nadanna vidham
|
| 700 |
|
|
|a Sunil Kumar, M B.
|
| 942 |
|
|
|c BK
|
| 999 |
|
|
|c 53767
|d 53767
|
| 952 |
|
|
|0 0
|1 0
|4 0
|6 920_000000000000000_SUNO
|7 0
|9 67900
|a KU
|b KU
|d 2019-04-01
|e PICO.A2/5736/2013 dtd 02/05/2018
|g 195.00
|l 0
|o 920 SUN-O
|p CL04295
|r 2019-04-01
|w 2019-04-01
|y BK
|